<?xml version="1.0" encoding="UTF-8"?>
<collection xmlns="http://www.loc.gov/MARC21/slim">
 <record>
  <leader>02249nam a22002897a 4500</leader>
  <controlfield tag="001">NCT_28709</controlfield>
  <controlfield tag="008">180411b        xxu||||| |||| 00| 0 vie d</controlfield>
  <datafield tag="999" ind1=" " ind2=" ">
   <subfield code="c">1379</subfield>
   <subfield code="d">1379</subfield>
  </datafield>
  <datafield tag="020" ind1=" " ind2=" ">
   <subfield code="c">139000</subfield>
  </datafield>
  <datafield tag="082" ind1="0" ind2="4">
   <subfield code="2">23rd ed.</subfield>
   <subfield code="a">616.6</subfield>
   <subfield code="b">Tr309</subfield>
  </datafield>
  <datafield tag="100" ind1="1" ind2=" ">
   <subfield code="a">Nguyễn Bửu Triều</subfield>
  </datafield>
  <datafield tag="245" ind1="1" ind2="0">
   <subfield code="a">Bệnh học tiết niệu</subfield>
   <subfield code="c">Nguyễn Bửu Triều,Trần Quán Anh</subfield>
  </datafield>
  <datafield tag="260" ind1=" " ind2=" ">
   <subfield code="a">H.</subfield>
   <subfield code="b">Y học</subfield>
   <subfield code="c">2007</subfield>
  </datafield>
  <datafield tag="300" ind1=" " ind2=" ">
   <subfield code="a">714tr.</subfield>
   <subfield code="b">minh họa</subfield>
   <subfield code="c">27cm</subfield>
  </datafield>
  <datafield tag="520" ind1="3" ind2=" ">
   <subfield code="a">Nội dung sách giới thiệu về: triệu chứng học hệ tiết niệu - sinh dục, chấn thương và vết thương hệ tiết niệu - sinh dục, sỏi hệ tiết niệu, nhiễm khuẩn và nhiễm ký sinh trùng hệ tiết niệu - sinh dục, khối u hệ tiết niệu - sinh dục, suy thận - ghép thận, dị tật bẩm sinh hệ tiết niệu - sinh dục, nội tiết tố hệ tiết niệu - sinh dục.</subfield>
  </datafield>
  <datafield tag="653" ind1=" " ind2=" ">
   <subfield code="a">Y đa khoa</subfield>
  </datafield>
  <datafield tag="653" ind1=" " ind2=" ">
   <subfield code="a">Dược học</subfield>
  </datafield>
  <datafield tag="700" ind1="1" ind2=" ">
   <subfield code="a">Trần Quán Anh</subfield>
  </datafield>
  <datafield tag="942" ind1=" " ind2=" ">
   <subfield code="2">ddc</subfield>
   <subfield code="c">BK</subfield>
  </datafield>
  <datafield tag="952" ind1=" " ind2=" ">
   <subfield code="0">0</subfield>
   <subfield code="1">0</subfield>
   <subfield code="2">ddc</subfield>
   <subfield code="4">0</subfield>
   <subfield code="6">616_600000000000000_TR309</subfield>
   <subfield code="7">0</subfield>
   <subfield code="9">6786</subfield>
   <subfield code="a">000001</subfield>
   <subfield code="b">000001</subfield>
   <subfield code="d">2018-04-11</subfield>
   <subfield code="o">616.6 Tr309</subfield>
   <subfield code="p">MD.10959</subfield>
   <subfield code="r">2018-04-11</subfield>
   <subfield code="v">139000.00</subfield>
   <subfield code="w">2018-04-11</subfield>
   <subfield code="y">BK</subfield>
  </datafield>
  <datafield tag="952" ind1=" " ind2=" ">
   <subfield code="0">0</subfield>
   <subfield code="1">0</subfield>
   <subfield code="2">ddc</subfield>
   <subfield code="4">0</subfield>
   <subfield code="6">616_600000000000000_TR309</subfield>
   <subfield code="7">0</subfield>
   <subfield code="9">6787</subfield>
   <subfield code="a">000001</subfield>
   <subfield code="b">000001</subfield>
   <subfield code="d">2018-04-11</subfield>
   <subfield code="o">616.6 Tr309</subfield>
   <subfield code="p">MD.11440</subfield>
   <subfield code="r">2018-04-11</subfield>
   <subfield code="v">139000.00</subfield>
   <subfield code="w">2018-04-11</subfield>
   <subfield code="y">BK</subfield>
  </datafield>
  <datafield tag="952" ind1=" " ind2=" ">
   <subfield code="0">0</subfield>
   <subfield code="1">0</subfield>
   <subfield code="2">ddc</subfield>
   <subfield code="4">0</subfield>
   <subfield code="6">616_600000000000000_TR309</subfield>
   <subfield code="7">0</subfield>
   <subfield code="9">6788</subfield>
   <subfield code="a">000001</subfield>
   <subfield code="b">000001</subfield>
   <subfield code="d">2018-04-11</subfield>
   <subfield code="o">616.6 Tr309</subfield>
   <subfield code="p">MD.11442</subfield>
   <subfield code="r">2018-04-11</subfield>
   <subfield code="v">139000.00</subfield>
   <subfield code="w">2018-04-11</subfield>
   <subfield code="y">BK</subfield>
  </datafield>
  <datafield tag="952" ind1=" " ind2=" ">
   <subfield code="0">0</subfield>
   <subfield code="1">0</subfield>
   <subfield code="2">ddc</subfield>
   <subfield code="4">0</subfield>
   <subfield code="6">616_600000000000000_TR309</subfield>
   <subfield code="7">0</subfield>
   <subfield code="9">6789</subfield>
   <subfield code="a">000001</subfield>
   <subfield code="b">000001</subfield>
   <subfield code="d">2018-04-11</subfield>
   <subfield code="o">616.6 Tr309</subfield>
   <subfield code="p">MD.12018</subfield>
   <subfield code="r">2018-04-11</subfield>
   <subfield code="v">139000.00</subfield>
   <subfield code="w">2018-04-11</subfield>
   <subfield code="y">BK</subfield>
  </datafield>
  <datafield tag="952" ind1=" " ind2=" ">
   <subfield code="0">0</subfield>
   <subfield code="1">0</subfield>
   <subfield code="2">ddc</subfield>
   <subfield code="4">0</subfield>
   <subfield code="6">616_600000000000000_TR309</subfield>
   <subfield code="7">0</subfield>
   <subfield code="9">6790</subfield>
   <subfield code="a">000001</subfield>
   <subfield code="b">000001</subfield>
   <subfield code="d">2018-04-11</subfield>
   <subfield code="o">616.6 Tr309</subfield>
   <subfield code="p">MD.12019</subfield>
   <subfield code="r">2018-04-11</subfield>
   <subfield code="v">139000.00</subfield>
   <subfield code="w">2018-04-11</subfield>
   <subfield code="y">BK</subfield>
  </datafield>
  <datafield tag="952" ind1=" " ind2=" ">
   <subfield code="0">0</subfield>
   <subfield code="1">0</subfield>
   <subfield code="2">ddc</subfield>
   <subfield code="4">0</subfield>
   <subfield code="6">616_600000000000000_TR309</subfield>
   <subfield code="7">0</subfield>
   <subfield code="9">6791</subfield>
   <subfield code="a">000001</subfield>
   <subfield code="b">000001</subfield>
   <subfield code="d">2018-04-11</subfield>
   <subfield code="o">616.6 Tr309</subfield>
   <subfield code="p">MD.12020</subfield>
   <subfield code="r">2018-04-11</subfield>
   <subfield code="v">139000.00</subfield>
   <subfield code="w">2018-04-11</subfield>
   <subfield code="y">BK</subfield>
  </datafield>
  <datafield tag="952" ind1=" " ind2=" ">
   <subfield code="0">0</subfield>
   <subfield code="1">0</subfield>
   <subfield code="2">ddc</subfield>
   <subfield code="4">0</subfield>
   <subfield code="6">616_600000000000000_TR309</subfield>
   <subfield code="7">0</subfield>
   <subfield code="9">6792</subfield>
   <subfield code="a">000001</subfield>
   <subfield code="b">000001</subfield>
   <subfield code="d">2018-04-11</subfield>
   <subfield code="l">1</subfield>
   <subfield code="o">616.6 Tr309</subfield>
   <subfield code="p">MD.12021</subfield>
   <subfield code="r">2019-11-25</subfield>
   <subfield code="s">2019-11-15</subfield>
   <subfield code="v">139000.00</subfield>
   <subfield code="w">2018-04-11</subfield>
   <subfield code="y">BK</subfield>
  </datafield>
  <datafield tag="980" ind1=" " ind2=" ">
   <subfield code="a">Thư viện Trường Đại học Nam Cần Thơ</subfield>
  </datafield>
 </record>
</collection>
